000 00686nam a2200253Ia 4500
003 OSt
005 20220924124713.0
006 a|||||r|||| 00| 0
007 ta
008 220923b |||||||| |||| 00| 0 urd d
020 _c9.50
024 _a319115
037 _cTextual
040 _aARTS
_cARTS
_burd
041 _2urd
_aurd
082 _aO168,6x225,k, M3
100 _aJaffer Syeda Au.
_9196717
245 0 _aDeccanni nasar ka inthekhab
260 _aNew Delhi
_b Taraqqi Urdu beuro India
_c1983
300 _a168p.
_ccm.
650 _aURDU PROSE
_926866
942 _hO168,6x225,k, M3
_cTEXL
_2CC
999 _c420671
_d420671